Hot Ones Season 9 Quiz Stats

 Plays Quiz not verified by Sporcle

Support Sporcle.
Go Orange.
Score 0/13 Timer 04:00
0 Plays Today
Hint Answer % Correct
Actress - FrozenKristen Bell
72.6%
Actor - The WireIdris Elba
71.1%
Actress - X-MenHalle Berry
68.8%
Comedian - The Daily ShowTrevor Noah
65.3%
Professional WrestlerStone Cold Steve Austin
62.7%
Actress - Parks and RecreationAubrey Plaza
50.6%
Musicians - 'Sucker'Jonas Brothers
47.2%
Actor - The Big SickKumail Nanjiani
30.4%
Actor - WorkaholicsAdam Devine
28.4%
Comedian - Saturday Night LiveJay Pharoah
27.2%
Rapper - 'Lucid Dreams'Juice WRLD
21.6%
Chef/YouTuberBinging with Babish
15.9%
Rapper - 'Studio'Schoolboy Q
11.9%

You're not logged in!

Compare scores with friends on all Sporcle quizzes.
OR
Log In

From the Vault

1970s Song Title Beginnings II

by ghcgh

A song has to begin somewhere.
Remove Ads.
Support Sporcle.
Get the best of Sporcle when you Go Orange. This ad-free experience offers more features, more stats, and more fun while also helping to support Sporcle. Thank you for becoming a member.

Show Comments

Extras

Top Quizzes Today


Score Distribution

Your Account Isn't Verified!

In order to create a playlist on Sporcle, you need to verify the email address you used during registration. Go to your Sporcle Settings to finish the process.

Report this User

Report this user for behavior that violates our Community Guidelines.

Details: